00521nam a2200145Ia 4500008004100000041000800041082001200049100001900061245005900080260003800139300001900177520004400196999001700240952011800257240719s9999 xx 000 0 und d aeng a320 SIN aSingh, Tavleen aPolitical and incorrect : the real India warts and all aNoidabHarper Collins Indiac2014 a313.; P. 22 cm aFaculty Purchase By Dr. Jitendra Sharma c41467d41467 00104070aIMTNbIMTNcRack 5-Bd2023-11-12eAmazong352.00o320 SINp33162r2024-07-19 00:00:00w2023-11-22yBK